000 00201 a2200097 4500
001 4525
100 _aParsons,S.A.J
245 _aMetrology & gavging
260 _a
_bMacdonald
_c
090 _c3723
_d3723
942 _aNUST-CAE
_cM
_c29960
999 _c239598
_d239598